00672nam a2200193Ia 4500008004100000020001400041082001500055100002700070245007200097250000700169260004500176300002800221500001900249600002100268650005000289942000700339952011700346999001500463240925s9999 xx 000 0 und d a136139698 a005.73 SHA aShaffer ,Clifford A. 2aA Practical Introduction to Data Structures and Algorithms Analysis aNA aNew Jersey:bPrintice- Hall Int.c,1997. axv,541p.bNAfPhotocopy aIncludes Index aComputer Science aComputer science, information & general works cBK 001040708CSaUITUbUITUd2002-09-13eF.B.Cg435.00l0o005.73 SHApQ4599r2024-09-25 07:13:34w2024-09-25yBK c7098d7098